La intervencin̤ en violencia de gňero desde diversos m̀bitos

Bibliographic Details
Main Author: Tajahuerce ℓngel, Isabel
Other Authors: Ramr̕ez Rico, Elena
Format: eBook
Language:Spanish
Published: Madrid: Dykinson, 2018
Subjects:
Online Access:Acceso restringido

MARC

LEADER 00000nam a22000007a 4500
005 20181228200646.0
007 cr|||| ||||
008 181228s2018 es |||||s|||| 00||0 spa d
020 |a 978-84-9148-730-2 
035 |a 22622 
040 |a vLex 
090 |c 8396  |d 8396 
100 1 |a Tajahuerce ℓngel, Isabel 
245 1 2 |a La intervencin̤ en violencia de gňero desde diversos m̀bitos  |h [Recurso electrn̤ico] /  |c Isabel Tajahuerce ℓngel, Elena Ramr̕ez Rico 
256 |a Servicio en ln̕ea 
260 |a Madrid:  |b Dykinson,  |c 2018 
300 |a 1 recurso electrn̤ico 
500 |a La violencia de gňero sigue siendo desgraciadamente una realidad, un tema de actualidad y una cuenta pendiente en todas las sociedades, no debiendo olvidar que no hay un n︢ico tipo de violencia y que se deben tomar ms̀ medidas efectivas para su erradicacin̤. Est ̀marcada e influenciada por las relaciones de poder que socialmente se han ido trasmitiendo y donde la supremaca̕ masculina y el sistema patriarcal y androcňtrico siguen estando presente en todos los m̀bitos, llevando a las mujeres a una situacin̤ de desigualdad y discriminacin̤. A travš de la lectura detallada de los distintos capt̕ulos de este libro “La intervencin̤ en violencia de gňero desde diversos m̀bitos”, se va a ir profundizando en el papel, importancia, abordaje, casus̕ticas y particularidades que tienen dicha temt̀ica en los diversos m̀bitos estudiados, como son, entre otros, la salud, la comunicacin̤, la economa̕, la legislacin̤, la educacin̤ y la pedagoga̕. De ese paseo por r̀eas que aparentemente parecen tan diversas, se vislumbra como todas ellas confluyen en puntos comunes y elementos que siempre estǹ presentes cuando se trata de desigualdad y violencia de gňero. 
506 1 |a Disponible solo en los productos indicados  |d vLex Global  |d vLex Global (Academic Edition, excluding Law Schools)  |d vLex Global (U.S. Academic Edition, Law Schools)  |d vLex Global (U.S. Academic Edition, excluding Law Schools)  |d vLex Global (Academic Edition, Law Schools) 
650 0 4 |a Derecho Penal  |z Espaą 
650 0 4 |a Derecho Constitucional  |z Espaą 
700 1 |a Ramr̕ez Rico, Elena 
740 0 |a vLex Libros (Servicio en ln̕ea) 
856 4 0 |u http://vlex.com/source/intervencion-en-violencia-de-genero-desde-diversos-ambitos-22622  |z Acceso restringido 
942 |c BOOK 
999 0 |a Criminal Law 
999 0 |a Constitutional Law